| 000 | 00539nam a22001817a 4500 | ||
|---|---|---|---|
| 003 | OSt | ||
| 005 | 20221031171516.0 | ||
| 008 | 221031b |||||||| |||| 00| 0 eng d | ||
| 020 | _a987-22311-0-9 | ||
| 040 | _cBiblioteca Lado V | ||
| 082 |
_2708 _aAR696p |
||
| 100 |
_aArias, Rolando Jesus _eautor _9266 |
||
| 245 |
_aPintura Contemporánea Saltena/ _bDoce Muestras/ |
||
| 260 |
_aArgentina _bGaleria Fedro _c2005 |
||
| 300 |
_a101p. _c16x21cm |
||
| 700 |
_aMunro, Will _econcepto |
||
| 942 |
_2ddc _c1 _h708 _iAR696p _n0 |
||
| 999 |
_c2438 _d2438 |
||